=LDR 00000nam 2200000 4500 =001 INLIS000000000054023 =005 20210525035911 =035 ##$$a 0010-0519000085 =007 ta =008 210525################g##########0#ind## =082 ##$$a 339 =084 ##$$a 339 BRU t =100 #$$a Bruce glassburner =245 1#$$a Teori dan kebijaksanaan ekonomi makro /$c Prof. Bruce glassburner, Aditiawan Chandra =260 ##$$a Jakarta,$c 1979 =300 ##$$a 191 hlm : $b Ilus ; $c 21x14 cm =650 #4$$a Ekonomi makro =250 ##$$a cet.1 =990 ##$$a 00093549